000
00305nam a22001337a 4500
008
170609b xxu||||| |||| 00| 0 eng d
020
_a
29042
041
_a
eng
080
_a
32
100
_a
19
101
_a
SHP
245
_a
THE ECONOMICS OF STATE AND LOCAL GOVERNMENT
_c
HIRSCH, W.Z
942
_2
udc
_c
BK
999
_c
16701
_d
16701